Introduction Communication Theory: Analysis and Application. (Record no. 136)

MARC details
005 - DATE AND TIME OF LATEST TRANSACTION
control field 20250616171005.0
020 ## - INTERNATIONAL STANDARD BOOK NUMBER
International Standard Book Number 0-7674-3034-4
082 ## - DEWEY DECIMAL CLASSIFICATION NUMBER
Classification number 003.54 WES
100 ## - MAIN ENTRY--PERSONAL NAME
Author name WEST, R.
245 ## - TITLE STATEMENT
Title Introduction Communication Theory: Analysis and Application.
250 ## - EDITION STATEMENT
Edition statement 2nd Ed.
260 ## - PUBLICATION, DISTRIBUTION, ETC.
Place of publication, distribution, etc. New York,
Name of publisher, distributor, etc. Mc Graw-Hill,
Date of publication, distribution, etc. 2004.
300 ## - PHYSICAL DESCRIPTION
Extent xxvi, 525.: ill.; picture, table.
Other physical details Index.
Dimensions 23cm.
700 ## - ADDED ENTRY--PERSONAL NAME
Other authors/Editors TURNER, L. H.
856 ## - ELECTRONIC LOCATION AND ACCESS
Link text Access online book
Electronic name Communication
Path www.mhhe.com
942 ## - ADDED ENTRY ELEMENTS (KOHA)
Source of classification or shelving scheme Dewey Decimal Classification
Koha item type Books
Holdings
Date last seen Total checkouts Full call number Barcode Cost, replacement price Price effective from Koha item type Lost status Source of classification or shelving scheme Damaged status Not for loan Withdrawn status Home library Current library Shelving location Date acquired Cost, normal purchase price
06/25/2025   003.54 WES DOM0002868 81000.00 06/25/2025 Books   Dewey Decimal Classification       CBE Dodoma CBE Dodoma General Collection 06/10/2009 27000.00
06/25/2025   003.54 WES DOM0002832 81000.00 06/25/2025 Books   Dewey Decimal Classification       CBE Dodoma CBE Dodoma General Collection 06/10/2009 27000.00
06/26/2025   003.54 DOM0002836 81000.00 06/26/2025 Books   Dewey Decimal Classification       CBE Dodoma CBE Dodoma General Collection 06/10/2009 27000.00
03/06/2025   003.54 WES 000000307 81000.00 03/06/2025 Books   Dewey Decimal Classification       College of Business Education Main Library College of Business Education Main Library General Collection 06/10/2009 27000.00
03/06/2025   003.54 WES 000000308 81000.00 03/06/2025 Books   Dewey Decimal Classification       College of Business Education Main Library College of Business Education Main Library General Collection 06/10/2009 27000.00
03/06/2025   003.54 WES 000000309 81000.00 03/06/2025 Books   Dewey Decimal Classification       College of Business Education Main Library College of Business Education Main Library General Collection 06/10/2009 27000.00